[Event "WTCC-50 2018"]
[Site "Radebeul"]
[Date "2018.07.13"]
[Round "7"]
[White "Jussupow, Artur"]
[Black "Denk, Adolf"]
[Result "1-0"]
[WhiteElo "2580"]
[BlackElo "2262"]
[Annotator "TA"]
[PlyCount "47"]
[EventDate "2018.07.07"]
[EventType "team-tourn"]
[EventCountry "GER"]
[SourceTitle "playchess.com"]
[Source "ChessBase"]
[SourceQuality "1"]

{[%evp 15,47,54,92,78,92,92,100,95,95,94,146,141,173,168,206,210,196,204,300,299,291,295,297,276,287,262,523,522,479,318,689,689,674,665]} 1. d4 Nf6 2. c4 e6 3. Nc3 Bb4 4. e3 {[%cal Be2e3,Be3e4][%mdl 32]} b6 5. Nge2 Bb7 6. a3 Bxc3+ 7. Nxc3 d6 {E44: Nimzo-Indian: Rubinstein: 4...b6 5 Ne2} (7... d5 8. cxd5 exd5 9. b4 O-O 10. Bd3 c5 11. bxc5 bxc5 12. Rb1 cxd4 13. exd4 Re8+ 14. Be3 Ba6 15. O-O Bxd3 16. Qxd3 Nbd7 17. Bg5 h6 18. Bxf6 Nxf6 19. Rb5 Rc8 20. h3 Qd6 21. Ra1 Rc6 {½-½ (21) Stocek,J (2556)-Rozentalis,E (2567) Germany 2017}) 8. Bd3 Nbd7 {LiveBook: 3 Games} 9. e4 e5 {White is better.} 10. d5 a5 11. O-O h6 12. Be3 g5 (12... Qe7 $142) 13. b4 $16 Rg8 $146 ({Predecessor:} 13... O-O 14. Na4 axb4 15. axb4 {1-0 (67) Pejovic,J (2196)-Petrusic,G (1943) Cetinje 2009}) 14. c5 axb4 15. axb4 {[#] c6 is the strong threat.} dxc5 16. bxc5 {aiming for c6.} Nxc5 (16... Rxa1 $142 17. Qxa1 Nxc5) 17. Bxc5 $18 bxc5 18. Qb3 Rb8 19. Ra7 Ba8 20. Qa3 Nd7 $2 (20... Kf8 {was necessary.} 21. Ra1 Kg7 22. Qxc5 Nd7 23. Qxc7 Qxc7 24. Rxc7 Rgc8) 21. Bb5 Rg6 22. Qxc5 c6 $2 {[#]} (22... Rgb6 23. Qc4 (23. Rxc7 $2 Rxb5 24. Qa7 R5b7 $19) 23... Rc8) 23. Rxd7 $1 {[%mdl 512]} Qxd7 24. dxc6 {Precision: White = 97%, Black = 30%.} 1-0

[Event "WTCC-50 2018"]
[Site "Radebeul"]
[Date "2018.07.13"]
[Round "7"]
[White "Benjamin, Joel"]
[Black "Brueggemann, Joachim"]
[Result "1-0"]
[WhiteElo "2544"]
[BlackElo "2293"]
[Annotator "TA"]
[PlyCount "94"]
[EventDate "2018.07.07"]
[EventType "team-tourn"]
[EventCountry "GER"]
[SourceTitle "playchess.com"]
[Source "ChessBase"]
[SourceQuality "1"]

{[%evp 13,94,-6,-7,-18,-26,-16,-20,-17,-8,-40,-39,-32,-16,-18,0,-36,-29,-20,-15,-36,0,0,0,0,0,0,0,0,0,0,0,-8,-6,-6,0,-18,-14,-41,-43,-52,0,0,0,0,0,0,0,-4,-10,-17,5,9,61,67,71,73,130,124,172,149,147,143,139,103,101,44,33,31,65,0,0,0,95,23,201,192,195,181,180,179,181,177,29998]} 1. e4 c5 2. Nf3 d6 3. Nc3 Nf6 4. e5 dxe5 5. Nxe5 e6 6. Bb5+ Bd7 {B50: Sicilian: 2...d6, Miscellaneous} 7. Nxd7 Nbxd7 {LiveBook: 3 Games} 8. d4 a6 {The position is equal.} 9. Be2 cxd4 10. Qxd4 Qc7 $146 ({Predecessor:} 10... Bc5 11. Qh4 O-O 12. O-O Be7 13. Qg3 Kh8 14. Be3 {1-0 (75) Chigaev,M (2555)-Moranda,W (2593) Katowice 2017}) 11. Bg5 Bc5 12. Qh4 h6 13. O-O O-O 14. Bd2 Rac8 15. Rad1 Rfd8 16. Bf4 e5 17. Bg3 Nf8 18. Ne4 Be7 19. Rxd8 Rxd8 20. Nxf6+ Bxf6 21. Qe4 Ne6 22. Bd3 Nc5 23. Qh7+ Kf8 24. Bf5 Qa5 25. h3 Qxa2 26. Re1 Ne6 (26... Qxb2 $15 27. f4 e4 $1 {[%mdl 512]} 28. Bxe4 Nxe4 29. Rxe4 g6 30. Qxh6+ Kg8) 27. Bxe5 $11 Bxe5 28. Rxe5 {Black must now prevent Bxe6.} Qxb2 {( -> ...Qc1+)} 29. Re3 Rd6 30. g3 Qf6 31. Bg4 Ke7 32. Qe4 Qb2 ({Black should play} 32... Kf8 $11) 33. Rb3 $36 {[%mdl 3072] White has compensation. White is more active.} Qa1+ 34. Kg2 b5 (34... Kf8 $142) 35. Rf3 $16 Qd4 36. Qb7+ Rd7 37. Qxa6 Qd5 {...Nd4 is the strong threat.} 38. Qa3+ Rd6 {Hoping for ...Nd4.} 39. Qa7+ (39. Kg1 $16) 39... Rd7 $14 40. Qe3 Rd6 41. Qa7+ (41. Kh2 $14) 41... Rd7 $11 42. Qa3+ (42. Qe3 $11) 42... Rd6 $1 $16 {And now ...Nd4 would win.} 43. Bxe6 ({White should try} 43. Kg1 $16) 43... fxe6 $2 {[#]} (43... Kxe6 $11 {and Black is okay.} 44. Qa7 Rd7 45. Qe3+ Kd6) 44. Qa7+ $1 $18 {White is clearly better.} Rd7 {[#]} 45. Qb8 $1 {[%csl Gf3][%cal Rb8f8]} ({Resist} 45. Qa3+ Kd8 $16) 45... Rd8 46. Qc7+ Rd7 47. Qf4 {[%csl Gf3][%cal Rf4f8]} Kd8 $2 {Precision: White = 56%, Black = 47%.} (47... e5 $18 48. Qf8+ Ke6) 1-0

[Event "WTCC-50 2018"]
[Site "Radebeul"]
[Date "2018.07.13"]
[Round "7"]
[White "Yermolinsky, Alex"]
[Black "Ruether, Rudolf"]
[Result "1-0"]
[WhiteElo "2505"]
[BlackElo "2118"]
[Annotator "ChessBase"]
[PlyCount "94"]
[EventDate "2018.07.07"]
[EventType "team-tourn"]
[EventCountry "GER"]
[SourceTitle "playchess.com"]
[Source "ChessBase"]
[SourceQuality "1"]
[TimeControl "40/5400+30:1800+30"]

1. d4 {[%emt 0:00:44]} Nf6 {[%emt 0:00:00]} 2. c4 {[%emt 0:00:04]} e6 {[%emt 0:00:22]} 3. Nf3 {[%emt 0:01:10]} d5 {[%emt 0:00:35]} 4. Nc3 {[%emt 0:00:05]} c6 {[%emt 0:00:57]} 5. Bg5 {[%emt 0:00:09]} Nbd7 {[%emt 0:00:33]} 6. e3 {[%emt 0:01:38]} Be7 {[%emt 0:02:43]} 7. Bd3 {[%emt 0:00:11]} O-O {[%emt 0:01:16]} 8. O-O {[%emt 0:00:12]} dxc4 {[%emt 0:02:32]} 9. Bxc4 {[%emt 0:00:05]} Nd5 {[%emt 0:04:10]} 10. Bxe7 {[%emt 0:01:42]} Qxe7 {[%emt 0:00:21]} 11. e4 {[%emt 0:00:28]} Nxc3 {[%emt 0:05:19]} 12. bxc3 {[%emt 0:00:06]} c5 {[%emt 0:00:07]} 13. Re1 {[%emt 0:12:51]} e5 {[%emt 0:20:30]} 14. d5 {[%emt 0:09:32]} Nb6 {[%emt 0:04:07]} 15. Nd2 {[%emt 0:00:07]} Bd7 {[%emt 0:01:04]} 16. a4 {[%emt 0:05:52]} Nc8 {[%emt 0:03:56]} 17. Bb5 {[%emt 0:02:22]} Nd6 {[%emt 0:03:47]} 18. Qe2 {[%emt 0:00:46]} Rfc8 {[%emt 0:01:21]} 19. Reb1 {[%emt 0:07:06]} Rab8 {[%emt 0:03:56]} 20. Bxd7 {[%emt 0:03:53]} Qxd7 {[%emt 0:00:08]} 21. Nc4 {[%emt 0:00:14]} Nxc4 {[%emt 0:04:24]} 22. Qxc4 {[%emt 0:01:49]} Qd6 {[%emt 0:00:14]} 23. Rb2 {[%emt 0:01:05]} Rc7 {[%emt 0:01:49]} 24. Rab1 {[%emt 0:00:08]} h6 {[%emt 0:05:48]} 25. g3 {[%emt 0:00:57]} Kh8 {[%emt 0:01:49]} 26. Kg2 {[%emt 0:00:13]} Kg8 {[%emt 0:01:12]} 27. h4 {[%emt 0:04:26]} Kh8 {[%emt 0:02:51]} 28. Rb5 {[%emt 0:02:55]} Kg8 {[%emt 0:01:32]} 29. Qe2 {[%emt 0:03:44]} Kh8 {[%emt 0:03:05]} 30. c4 {[%emt 0:00:27]} Kg8 {[%emt 0:00:31]} 31. a5 {[%emt 0:01:27]} Kh8 {[%emt 0:01:05]} 32. Qg4 {[%emt 0:00:07]} b6 {[%emt 0:11:47]} 33. h5 {[%emt 0:02:28]} Rcb7 {[%emt 0:01:44]} 34. R5b3 {[%emt 0:01:36]} Kg8 {[%emt 0:01:14]} 35. Ra3 {[%emt 0:00:56]} Qc7 {[%emt 0:03:21]} 36. Qf5 {[%emt 0:02:22]} Qd6 {[%emt 0:01:13]} 37. axb6 {[%emt 0:01:31]} axb6 {[%emt 0:01:05]} 38. Ra6 {[%emt 0:00:25]} Re8 {[%emt 0:03:20]} 39. Rba1 {[%emt 0:00:59]} Qe7 {[%emt 0:01:05]} 40. Ra8 {[%emt 0:00:47]} Rbb8 {[%emt 0:02:09]} 41. R8a7 {[%emt 0:34:00]} Rb7 {[%emt 0:03:51]} 42. Rxb7 {[%emt 0:00:00]} Qxb7 {[%emt 0:00:08]} 43. d6 {[%emt 0:00:00]} Re6 {[%emt 0:08:47]} 44. Rd1 {[%emt 0:00:00]} Qd7 {[%emt 0:00:26]} 45. Rd5 {[%emt 0:00:00]} f6 {[%emt 0:06:05]} 46. Qxe6+ {[%emt 0:00:00]} Kf8 47. Qf5 Kf7 1-0

[Event "WTCC-50 2018"]
[Site "Radebeul"]
[Date "2018.07.13"]
[Round "7"]
[White "Schlosser, Philipp"]
[Black "Kryukova, Irina"]
[Result "1/2-1/2"]
[WhiteElo "2501"]
[BlackElo "2249"]
[Annotator "ChessBase"]
[PlyCount "85"]
[EventDate "2018.07.07"]
[EventType "team-tourn"]
[EventCountry "GER"]
[SourceTitle "playchess.com"]
[Source "ChessBase"]
[SourceQuality "1"]
[TimeControl "40/5400+30:1800+30"]

1. Nf3 {[%emt 0:01:02]} Nf6 {[%emt 0:00:00]} 2. c4 {[%emt 0:00:17]} e6 {[%emt 0:00:06]} 3. Nc3 {[%emt 0:00:21]} d5 {[%emt 0:01:32]} 4. d4 {[%emt 0:00:09]} Be7 {[%emt 0:08:36]} 5. g3 {[%emt 0:00:19]} O-O {[%emt 0:02:13]} 6. Bg2 {[%emt 0:00:13]} b6 {[%emt 0:03:07]} 7. cxd5 {[%emt 0:02:47]} exd5 {[%emt 0:01:09]} 8. O-O {[%emt 0:03:20]} Bb7 {[%emt 0:01:07]} 9. Bf4 {[%emt 0:00:25]} Nh5 {[%emt 0:03:08]} 10. Bd2 {[%emt 0:07:18]} Nf6 {[%emt 0:06:10]} 11. Qc2 {[%emt 0:03:53]} Nbd7 {[%emt 0:02:49]} 12. Rac1 {[%emt 0:05:25]} c5 {[%emt 0:07:08]} 13. Rfd1 {[%emt 0:05:35]} Rc8 {[%emt 0:09:28]} 14. Bf4 {[%emt 0:14:40]} a6 {[%emt 0:10:07]} 15. dxc5 {[%emt 0:04:54]} Nxc5 {[%emt 0:06:03]} 16. Nd4 {[%emt 0:09:20]} Nce4 {[%emt 0:05:39]} 17. Qb3 {[%emt 0:01:07]} Nc5 {[%emt 0:01:55]} 18. Qc2 {[%emt 0:00:02]} Nce4 {[%emt 0:00:09]} 19. Qd3 {[%emt 0:00:27]} Qd7 {[%emt 0:06:44]} 20. Qb1 {[%emt 0:07:40]} Nxc3 {[%emt 0:05:03]} 21. Rxc3 {[%emt 0:03:23]} Rxc3 {[%emt 0:01:47]} 22. bxc3 {[%emt 0:00:04]} b5 {[%emt 0:05:10]} 23. Nf5 {[%emt 0:01:30]} Bc5 {[%emt 0:03:00]} 24. Be3 {[%emt 0:08:45]} Qc7 {[%emt 0:02:24]} 25. Bd4 {[%emt 0:02:46]} Bxd4 {[%emt 0:02:58]} 26. cxd4 {[%emt 0:00:03]} Rc8 {[%emt 0:01:50]} 27. a4 {[%emt 0:02:13]} g6 {[%emt 0:02:38]} 28. Ne3 {[%emt 0:00:09]} bxa4 {[%emt 0:00:35]} 29. Qb4 {[%emt 0:03:49]} Qd7 {[%emt 0:00:34]} 30. Ra1 {[%emt 0:07:10]} Bc6 {[%emt 0:00:46]} 31. Qb6 {[%emt 0:00:57]} Kg7 {[%emt 0:00:30]} 32. Bf3 {[%emt 0:00:39]} Bb5 {[%emt 0:00:31]} 33. h4 {[%emt 0:00:39]} h5 {[%emt 0:00:17]} 34. Kg2 {[%emt 0:00:27]} Rc6 {[%emt 0:00:52]} 35. Qa5 {[%emt 0:01:27]} Rc8 {[%emt 0:00:34]} 36. Qb6 {[%emt 0:00:56]} Rc6 {[%emt 0:00:05]} 37. Qb8 {[%emt 0:00:08]} Rc8 {[%emt 0:00:32]} 38. Qf4 {[%emt 0:00:25]} Re8 {[%emt 0:01:00]} 39. Ra2 {[%emt 0:02:00]} Rc8 {[%emt 0:00:25]} 40. Qe5 {[%emt 0:01:25]} Re8 {[%emt 0:00:14]} 41. Qf4 {[%emt 0:30:05]} Rc8 {[%emt 0:05:09]} 42. Qe5 {[%emt 0:00:00]} Re8 {[%emt 0:04:49]} 43. Qf4 {[%emt 0:00:00]} 1/2-1/2

[Event "WTCC-50 2018"]
[Site "Radebeul"]
[Date "2018.07.13"]
[Round "7"]
[White "Emms, John M"]
[Black "Cummings, David H"]
[Result "1-0"]
[WhiteElo "2488"]
[BlackElo "2336"]
[Annotator "TA"]
[PlyCount "41"]
[EventDate "2018.07.07"]
[EventType "team-tourn"]
[EventCountry "GER"]
[SourceTitle "playchess.com"]
[Source "ChessBase"]
[SourceQuality "1"]

{[%evp 29,41,35,35,36,46,46,56,56,59,48,61,60,587,587]} 1. e4 c5 2. Nf3 e6 3. d4 cxd4 4. Nxd4 Nc6 5. Nc3 Qc7 6. Be2 a6 7. O-O Nf6 8. Be3 Bb4 9. Nxc6 bxc6 10. Qd4 c5 11. Qc4 Bb7 {B49: Sicilian: Taimanov: 5 Nc3 Qc7 6 Be3 a6 7 Be2} 12. a3 d5 13. exd5 exd5 14. Qf4 Qxf4 15. Bxf4 Bxc3 {LiveBook: 4 Games} 16. bxc3 {[%cal Bb2c3,Bc3c4][%mdl 32]} O-O 17. c4 d4 {[#]} 18. Bd3 $146 ({Predecessor:} 18. f3 Rfd8 19. Bd3 {1-0 (51) Alsina Leal,D (2538)-Colon Garcia,E (2380) Barcelona 2013}) 18... Rfe8 19. Rfe1 Ne4 20. Reb1 Re7 $2 {[%mdl 8192] [#]} (20... Bc8 $14) 21. Rxb7 $1 {[%mdl 512]} 1-0

[Event "WTCC-50 2018"]
[Site "Radebeul"]
[Date "2018.07.13"]
[Round "7"]
[White "Volke, Karsten"]
[Black "Fatalibekova, Elena"]
[Result "1/2-1/2"]
[WhiteElo "2474"]
[BlackElo "2195"]
[Annotator "RC"]
[PlyCount "116"]
[EventDate "2018.07.07"]
[EventType "team-tourn"]
[EventCountry "GER"]
[SourceTitle "playchess.com"]
[Source "ChessBase"]
[SourceQuality "1"]
[TimeControl "40/5400+30:1800+30"]

1. d4 {[%emt 0:00:47]} Nf6 {[%emt 0:00:00]} 2. c4 {[%emt 0:00:08]} e6 {[%emt 0:00:00]} 3. Nc3 {[%emt 0:00:12]} Bb4 {[%emt 0:00:00]} 4. e3 {[%emt 0:00:12]} b6 {[%emt 0:00:09]} 5. Nge2 {[%emt 0:00:23]} Ne4 {[%emt 0:00:46]} 6. Bd2 {[%emt 0:00:50]} Nxd2 {[%emt 0:00:31]} 7. Qxd2 {[%emt 0:00:08]} d5 {[%emt 0:06:00]} 8. cxd5 {[%emt 0:02:48]} exd5 {[%emt 0:00:18]} 9. a3 {[%emt 0:00:21]} Be7 {[%emt 0:01:03]} 10. g3 {[%emt 0:00:23]} O-O {[%emt 0:04:41]} 11. Bg2 {[%emt 0:00:21]} c6 {[%emt 0:00:36]} 12. O-O {[%emt 0:01:05]} Nd7 {[%emt 0:01:15]} 13. b4 {[%emt 0:07:14]} Nf6 {[%emt 0:00:19]} 14. Nf4 {[%emt 0:06:49]} Bd6 {[%emt 0:06:16]} 15. Nd3 {[%emt 0:15:28]} Ba6 {[%emt 0:01:51]} 16. Rfc1 {[%emt 0:01:09]} Rc8 {[%emt 0:01:21]} 17. Ne5 {[%emt 0:08:11]} Re8 {[%emt 0:15:52]} 18. f4 {[%emt 0:00:15]} Bb7 {[%emt 0:01:27]} 19. Qb2 {[%emt 0:11:26]} Qe7 {[%emt 0:00:55]} 20. Qb3 {[%emt 0:01:57]} Red8 {[%emt 0:09:41]} 21. h3 {[%emt 0:07:59]} Bb8 {[%emt 0:07:15]} 22. g4 {[%emt 0:02:18]} b5 {[%emt 0:00:22]} 23. Re1 {[%emt 0:02:23]} Bxe5 {[%emt 0:10:22]} 24. fxe5 {[%emt 0:04:38]} Nd7 {[%emt 0:00:28]} 25. e4 {[%emt 0:01:59]} Nb6 {[%emt 0:00:59]} 26. exd5 {[%emt 0:00:08]} Nxd5 {[%emt 0:00:10]} 27. Nxd5 {[%emt 0:03:08]} cxd5 {[%emt 0:03:04]} 28. Rac1 {[%emt 0:00:07]} Rc4 {[%emt 0:01:03]} 29. Qe3 {[%emt 0:00:12]} Rdc8 {[%emt 0:00:45]} 30. Bf1 {[%emt 0:00:28]} Rxc1 {[%emt 0:08:02]} 31. Rxc1 {[%emt 0:00:19]} Rxc1 {[%emt 0:01:43]} 32. Qxc1 {[%emt 0:00:07]} a6 {[%emt 0:06:17]} 33. Qc5 {[%emt 0:00:40]} Qg5 {[%emt 0:01:26]} 34. Qc7 {[%emt 0:01:00]} Qe3+ {[%emt 0:00:08]} 35. Kh1 {[%emt 0:00:14]} h5 {[%emt 0:02:33]} 36. Qxb7 {[%emt 0:01:06]} Qc1 {[%emt 0:02:43]} 37. Kg2 {[%emt 0:11:17]} Qd2+ {[%emt 0:00:33]} 38. Kf3 {[%emt 0:03:52]} Qc3+ {[%emt 0:00:25]} 39. Ke2 {[%emt 0:00:54]} Qc2+ {[%emt 0:00:35]} 40. Ke1 {[%emt 0:00:15]} Qc1+ {[%emt 0:00:22]} 41. Kf2 {[%emt 0:31:04]} Qf4+ {[%emt 0:30:40]} 42. Ke2 {[%emt 0:05:03]} Qe4+ {[%emt 0:00:26]} 43. Kd2 {[%emt 0:00:00]} Qxd4+ {[%emt 0:00:00]} 44. Bd3 {[%emt 0:00:00]} Qb2+ {[%emt 0:00:00]} 45. Kd1 {[%emt 0:00:00]} Qa1+ {[%emt 0:00:00]} 46. Ke2 {[%emt 0:00:00]} Qxe5+ {[%emt 0:00:00]} 47. Kf3 {[%emt 0:00:00]} Qf6+ {[%emt 0:00:00]} 48. Kg2 {[%emt 0:00:00]} Qb2+ {[%emt 0:00:00]} 49. Kf3 {[%emt 0:00:00]} Qf6+ {[%emt 0:00:00]} 50. Ke2 {[%emt 0:00:00]} Qb2+ {[%emt 0:00:00]} 51. Kd1 {[%emt 0:00:00]} Qa1+ {[%emt 0:00:00]} 52. Kd2 {[%emt 0:00:00]} Qb2+ {[%emt 0:00:00]} 53. Bc2 {[%emt 0:00:00]} Qd4+ {[%emt 0:00:00]} 54. Bd3 {[%emt 0:00:00]} Qb2+ {[%emt 0:00:00]} 55. Kd1 {[%emt 0:00:00]} Qa1+ {[%emt 0:00:00]} 56. Ke2 {[%emt 0:00:00]} Qe5+ {[%emt 0:00:00]} 57. Kf3 {[%emt 0:02:37]} Qf6+ {[%emt 0:00:00]} 58. Kg2 {[%emt 0:02:30]} Qb2+ {[%emt 0:00:00]} 1/2-1/2

[Event "WTCC-50 2018"]
[Site "Radebeul"]
[Date "2018.07.13"]
[Round "7"]
[White "Enders, Peter"]
[Black "Shabalov, Alexander"]
[Result "0-1"]
[WhiteElo "2445"]
[BlackElo "2567"]
[Annotator "TA"]
[PlyCount "74"]
[EventDate "2018.07.07"]
[EventType "team-tourn"]
[EventCountry "GER"]
[SourceTitle "playchess.com"]
[Source "ChessBase"]
[SourceQuality "1"]

{[%evp 20,74,-30,-38,-30,-9,-23,-17,-6,-15,0,-57,-42,-104,-104,-86,-55,-110,-108,-150,-104,-116,-115,-216,-219,-277,-267,-277,-262,-275,-214,-232,-232,-254,-260,-360,-374,-517,-531,-637,-636,-621,-610,-590,-593,-697,-679,-729,-745,-800,-777,-1178,-1136,-1801,-1681,-1539,-1482]} 1. b3 Nf6 2. Bb2 g6 3. g3 Bg7 4. Bg2 d5 5. Nf3 c5 6. O-O O-O 7. c4 d4 8. e3 Nc6 9. exd4 {A05: Übergänge in verschiedene Eröffnungen} cxd4 10. Re1 Nd7 11. d3 {LiveBook: 3 Partien. Schwarz hat minimalen Vorteil.} Re8 $146 ({Vorgänger:} 11... a5 12. Nbd2 Nc5 13. Ne4 Nxe4 14. Rxe4 Bf5 15. Re1 Qd7 16. Ba3 Rfe8 {1-0 (70) Caruana,F (2804)-Anand,V (2770) Leuven 2016}) 12. a3 a5 13. Nbd2 Nc5 14. Ne4 Na6 15. h4 (15. Nh4 $11) 15... h6 16. Nh2 {[#]} (16. b4 $15 axb4 17. axb4 Ncxb4 18. Qb3) 16... f5 $1 $17 {[%cal Rf5e4]} 17. Nd2 Nc5 18. Bf1 (18. Qc2 $15) 18... e5 19. Qf3 {[#]} e4 $1 {[%mdl 512]} 20. dxe4 Ne5 $36 {[%mdl 2048] Schwarz ist am Drücker.} 21. Qe2 (21. Qh1 $17 {war nötig.}) 21... Ned3 $19 22. Qxd3 Nxd3 23. Bxd3 Bd7 24. Nhf3 fxe4 25. Bxe4 Qb6 26. Rab1 Bf5 27. Bxf5 gxf5 28. Rxe8+ Rxe8 {Schwarz steht klar auf Gewinn.} 29. b4 axb4 30. axb4 d3 31. Bxg7 Kxg7 32. Rb3 Qd6 33. c5 Qd5 34. Rc3 {[#]} f4 $1 35. gxf4 Kh7 36. Kf1 Qf5 37. Ng1 Ra8 {Precision: Weiß = 25%, Schwarz = 76%.} 0-1

[Event "WTCC-50 2018"]
[Site "Radebeul"]
[Date "2018.07.13"]
[Round "7"]
[White "Meister, Jakob"]
[Black "Ernst, Michael"]
[Result "1-0"]
[WhiteElo "2432"]
[BlackElo "2156"]
[Annotator "TA"]
[PlyCount "80"]
[EventDate "2018.07.07"]
[EventType "team-tourn"]
[EventCountry "GER"]
[SourceTitle "playchess.com"]
[Source "ChessBase"]
[SourceQuality "1"]

{[%evp 29,80,14,14,14,8,8,11,14,12,3,5,0,27,0,14,0,0,0,0,0,0,0,0,0,0,0,0,0,0,0,0,0,0,0,0,0,0,0,0,-1,0,0,41,41,100,91,599,582,633,633,633,633,878]} 1. e4 {Finkel,A} e6 2. d4 d5 3. Nc3 Nf6 4. Bg5 dxe4 5. Nxe4 Nbd7 6. Nf3 h6 7. Nxf6+ Nxf6 8. Bh4 c5 9. Bc4 cxd4 10. O-O Be7 11. Qe2 {C10: French with 3 Nc3: Unusual Black 3rd moves and 3...dxe4} O-O 12. Rad1 Qb6 13. Nxd4 Qxb2 14. Nf5 exf5 15. Qxe7 Be6 {LiveBook: 16 Games} 16. Bxe6 fxe6 17. Qxe6+ Kh8 18. Qxf5 Qxa2 {[#]} 19. Rd6 $146 {[%cal Rh4f6]} Ng8 20. Qe4 Rf7 21. Bg3 {[%cal Bh4g3,Bg3e5,Be5d4][%mdl 32]} Rc8 22. Rd2 Re7 23. Be5 Qc4 24. Qxc4 Rxc4 25. f4 Nf6 26. c3 Nd7 27. Bd4 b6 28. Ra2 Nb8 29. f5 Kh7 30. f6 gxf6 31. Bxf6 Rf7 32. Rf3 Nc6 33. Re2 a5 34. h4 h5 35. Re6 Nb8 36. Rxb6 Nd7 (36... Nc6 $14) 37. Rb7 $16 {[#] Black must now prevent Bd4.} Kg6 $2 {[%mdl 8192]} (37... Ne5 $16 {holds on.} 38. Rxf7+ Nxf7) 38. Bd4 $18 {White is clearly winning.} Rxf3 39. gxf3 Nf8 {intending ...Ne6.} 40. Rg7+ Kf5 {Precision: White = 83%, Black = 51%.} 1-0

[Event "WTCC-50 2018"]
[Site "Radebeul"]
[Date "2018.07.13"]
[Round "7"]
[White "Hebden, Mark L"]
[Black "Findlay, Ian T"]
[Result "1-0"]
[WhiteElo "2423"]
[BlackElo "2244"]
[Annotator "TA"]
[PlyCount "93"]
[EventDate "2018.07.07"]
[EventType "team-tourn"]
[EventCountry "GER"]
[SourceTitle "playchess.com"]
[Source "ChessBase"]
[SourceQuality "1"]

{[%evp 23,93,22,16,8,8,8,8,8,10,10,12,4,12,6,8,0,10,0,0,-8,0,0,29,26,20,9,9,4,17,10,16,16,32,32,66,67,82,68,116,100,217,190,235,236,203,150,177,169,169,112,95,80,80,80,80,80,469,455,512,454,481,341,294,270,5895,3182,2837,1798,12841,12842,12842,12843]} 1. d4 Nf6 2. Nf3 d5 3. c4 e6 4. Bg5 Bb4+ 5. Nc3 h6 6. Bxf6 Qxf6 7. Qa4+ Nc6 8. e3 O-O {D38: Queen's Gambit Declined: Ragozin Defence (4 Nf3 Bb4)} 9. Rc1 (9. Be2 dxc4 10. O-O Bd7 11. Bxc4 Bxc3 12. bxc3 Rfd8 13. Qa3 Qe7 14. Qxe7 Nxe7 15. Rab1 b6 16. Ne5 {½-½ (39) Karjakin,S (2782)-Aronian,L (2764) Stavanger 2018}) 9... Qg6 10. Qc2 Qxc2 11. Rxc2 Rd8 12. a3 Bf8 {LiveBook: 19 Games} 13. Nb5 Bd7 14. cxd5 exd5 15. Bd3 Rac8 16. O-O a6 $146 17. Nc3 {[%cal Bb5c3,Bc3a4,Ba4b6][%mdl 32]} Ne7 18. Rfc1 c6 19. Na4 Rc7 20. Nb6 Bf5 21. Ne5 Bxd3 (21... f6 {with more complications.} 22. Bxf5 Nxf5 23. Nd3 Rf7 24. b4 g5) 22. Nxd3 Nc8 (22... Nf5 {feels hotter.} 23. g3 g6 24. Kg2 h5 25. Rc3 g5) 23. Nxc8 Rdxc8 24. h4 Bd6 25. h5 Kf8 26. g3 Ke7 27. Kg2 Ke6 28. f4 f5 29. Kf3 Kf6 30. g4 Re8 {With the idea ...fxg4+.} 31. Rg1 Rce7 (31... fxg4+ $16 {is a better defense.} 32. Rxg4 Kf7) 32. Ne5 $1 $18 fxg4+ 33. Rxg4 {Strongly threatening Rg6+.} ({Don't take} 33. Kxg4 $6 Bxe5 34. dxe5+ Kf7 $16) ({Resist} 33. Nxg4+ $6 Kf7 $16) 33... Bxe5 34. fxe5+ {[%mdl 4096] Endgame KRR-KRR} Ke6 35. Rg6+ Kf7 36. e4 (36. Kg4 $18) 36... Rd8 37. exd5 Rxd5 38. Ke4 Kg8 39. b4 a5 $2 {[%mdl 8192] [#]} (39... Red7 $16 {is more resistant.}) 40. Rc5 $1 Red7 41. Rxd5 Rxd5 42. bxa5 Rxa5 {KR-KR} 43. Rg3 Ra4 $2 {[#]} (43... Kf8 44. Rf3+ Ke8) 44. Rf3 $1 {White is clearly winning.} c5 45. e6 {[%cal Be5e6,Be6e7][%mdl 32] White threatens e7 and mate.} Rxd4+ 46. Ke5 Rd1 47. e7 {Precision: White = 69%, Black = 32%.} 1-0

[Event "WTCC-50 2018"]
[Site "Radebeul"]
[Date "2018.07.13"]
[Round "7"]
[White "Casper, Thomas"]
[Black "Ehlvest, Jaan"]
[Result "1-0"]
[WhiteElo "2354"]
[BlackElo "2536"]
[Annotator "ChessBase"]
[PlyCount "79"]
[EventDate "2018.07.07"]
[EventType "team-tourn"]
[EventCountry "GER"]
[SourceTitle "playchess.com"]
[Source "ChessBase"]
[SourceQuality "1"]
[TimeControl "40/5400+30:1800+30"]

1. e4 {[%emt 0:00:00]} e5 {[%emt 0:00:32]} 2. Bc4 {[%emt 0:00:08]} Nf6 {[%emt 0:00:15]} 3. d3 {[%emt 0:00:10]} Nc6 {[%emt 0:01:32]} 4. Nc3 {[%emt 0:00:19]} Na5 {[%emt 0:01:16]} 5. Nge2 {[%emt 0:00:13]} Be7 {[%emt 0:00:34]} 6. O-O {[%emt 0:01:07]} O-O {[%emt 0:04:13]} 7. Ng3 {[%emt 0:01:04]} d6 {[%emt 0:00:37]} 8. Bb3 {[%emt 0:16:37]} Nxb3 {[%emt 0:15:20]} 9. axb3 {[%emt 0:00:19]} d5 {[%emt 0:01:29]} 10. h3 {[%emt 0:21:05]} c6 {[%emt 0:16:10]} 11. Qf3 {[%emt 0:02:02]} g6 {[%emt 0:11:36]} 12. Bg5 {[%emt 0:06:28]} Be6 {[%emt 0:01:44]} 13. exd5 {[%emt 0:07:40]} cxd5 {[%emt 0:07:29]} 14. Rfe1 {[%emt 0:00:56]} d4 {[%emt 0:01:43]} 15. Nb5 {[%emt 0:01:25]} Nd7 {[%emt 0:11:47]} 16. Bxe7 {[%emt 0:01:26]} Qxe7 {[%emt 0:00:02]} 17. Qxb7 {[%emt 0:25:17]} Qb4 {[%emt 0:00:14]} 18. Qa6 {[%emt 0:01:58]} Rfc8 {[%emt 0:02:08]} 19. Re2 {[%emt 0:03:01]} Rab8 {[%emt 0:05:30]} 20. Nd6 {[%emt 0:02:24]} Rd8 {[%emt 0:03:34]} 21. Nc4 {[%emt 0:00:49]} Bxc4 {[%emt 0:01:31]} 22. bxc4 {[%emt 0:00:01]} Qxb2 {[%emt 0:02:18]} 23. Qxa7 {[%emt 0:00:30]} f5 {[%emt 0:03:26]} 24. Qa5 {[%emt 0:02:55]} Kg7 {[%emt 0:02:03]} 25. Rae1 {[%emt 0:00:07]} Qb7 {[%emt 0:01:18]} 26. f4 {[%emt 0:00:55]} Ra8 {[%emt 0:00:58]} 27. Qd2 {[%emt 0:00:03]} Re8 {[%emt 0:00:43]} 28. fxe5 {[%emt 0:00:38]} Re6 {[%emt 0:00:06]} 29. Qf4 {[%emt 0:00:58]} Qb6 {[%emt 0:00:04]} 30. Nf1 {[%emt 0:00:18]} Rd8 {[%emt 0:02:10]} 31. Nd2 {[%emt 0:00:34]} Nc5 {[%emt 0:00:04]} 32. Nf3 {[%emt 0:00:39]} h6 {[%emt 0:00:04]} 33. h4 {[%emt 0:00:42]} Re7 {[%emt 0:01:06]} 34. e6 {[%emt 0:00:15]} Nxe6 {[%emt 0:01:01]} 35. Qe5+ {[%emt 0:00:33]} Kf7 {[%emt 0:00:40]} 36. h5 {[%emt 0:00:26]} Rg8 {[%emt 0:00:09]} 37. Qd5 {[%emt 0:01:43]} Rd8 {[%emt 0:01:05]} 38. hxg6+ {[%emt 0:00:41]} Kf6 {[%emt 0:00:06]} 39. Qe5+ {[%emt 0:00:52]} Kxg6 {[%emt 0:00:03]} 40. Nh4+ {[%emt 0:00:18]} 1-0